|
|
|
|
| LEADER |
00000nam0a2200000 4500 |
| 001 |
141524 |
| 005 |
20231031142449.0 |
| 029 |
1 |
0 |
|a RU
|b 82-01-95
|c СНиП
|
| 035 |
|
|
|a (RuTPU)RU\TPU\book\153417
|
| 035 |
|
|
|a RU\TPU\book\153359
|
| 090 |
|
|
|a 141524
|
| 100 |
|
|
|a 20080821d1996 k y0rusy50 ca
|
| 101 |
0 |
|
|a rus
|
| 102 |
|
|
|a RU
|
| 105 |
|
|
|a a l 000zy
|
| 200 |
1 |
|
|a Разработка и применение норм и нормативов расхода материальных ресурсов в строительстве. Основные положения. СНиП 82-01-95
|f Минстрой России
|
| 205 |
|
|
|a Изд. офиц.
|
| 210 |
|
|
|a Москва
|c ИНПА
|d 1996
|
| 215 |
|
|
|a 14 с.
|c ил.
|
| 225 |
1 |
|
|a Строительные нормы и правила
|
| 225 |
1 |
|
|a Система нормативных документов в строительстве
|
| 229 |
|
|
|a Введены в действие постановлением Минстроя России от 20.06.95 г. № 18-60
|a Взамен СНиП 5.01.18-86
|
| 610 |
1 |
|
|a СНиПы
|
| 610 |
1 |
|
|a строительные нормы и правила
|
| 610 |
1 |
|
|a разработка
|
| 610 |
1 |
|
|a нормы
|
| 610 |
1 |
|
|a материальные ресурсы
|
| 610 |
1 |
|
|a строительство
|
| 610 |
1 |
|
|a расходы
|
| 610 |
1 |
|
|a материалы
|
| 675 |
|
|
|a 69(083)
|v 3
|
| 675 |
|
|
|a 658(083)
|v 3
|
| 712 |
0 |
1 |
|a Российская Федерация
|b Министерство строительства (Минстрой России)
|c (1994-1997)
|2 stltpush
|3 (RuTPU)RU\TPU\col\12602
|
| 801 |
|
1 |
|a RU
|b 63413507
|c 20080801
|g PSBO
|
| 801 |
|
2 |
|a RU
|b 63413507
|c 20221207
|g PSBO
|
| 942 |
|
|
|c BK
|